00332 2200145 4500245004500000250001100045100002300056650001700079650001600096005001900112260001800131041001400149084001400163336000900177 aA Simple StorycAkmal Khoirul AnamhText aCet. 1 aAkmal Khoirul Anam aAutobiografi aKarya Siswa a20250522093523 aJakartac2025 aIndonesia a081 AKM a atext